al-Qāhirah /

محفوظ في:

المؤلف الرئيسي: Zakī, ʿAbd al-Raḥmān (مؤلف)

التنسيق: كتاب

اللغة: Arabic

منشور في: Miṣr : Dār al-Mustaqbal, 1943.

الطبعة: al-Ṭabʻah 2.

الموضوعات:

الوسوم: إضافة وسم

لا توجد وسوم, كن أول من يضع وسما على هذه التسجيلة!

رقم الطلب: DT154 .Z3 1943

LEADER 01029nam a2200253Ia 4500
003 OSt
005 20230713082727.0
008 130303s1943 ua ab 000 0 ara d
952 |0 0  |1 0  |2 lcc  |4 0  |6 DT0154 Z3 01943  |7 1  |9 49214  |a ARCE  |b ARCE  |d 2023-07-13  |l 0  |o DT154 .Z3 1943  |p 1030569  |r 2023-07-13 00:00:00  |w 2023-07-13  |y BK 
999 |c 24912  |d 24912 
040 |c ARCE Library 
043 |a f-ua--- 
050 4 |a DT154 .Z3 1943 
100 1 |6 880-01  |a Zakī, ʿAbd al-Raḥmān,  |e author 
245 1 3 |6 880-02  |a al-Qāhirah /   |c ʻAbd al-Raḥmān Zakī. 
250 |a al-Ṭabʻah 2. 
264 1 |a Miṣr :   |b Dār al-Mustaqbal,   |c 1943. 
300 |a 250 pages :   |b illustrations, maps ;  |c 24 cm. 
651 0 |a Cairo (Egypt)  |x Description and travel. 
651 0 |a Cairo (Egypt)  |x History. 
880 1 |6 100-01/(3/r  |a زكي، عبد الرحمن 
880 1 2 |6 245-02/(3/r  |a القاهرة   |c عبد الرحمن زكي.‪‪‪‪‪‪‪‪‪‪‪‪‪‪‪‪‪‪‪‪‪‪‪‪‪‪‪‪‪‪‪‪‪ 
901 |a reviewed 
942 |c BK  |2 lcc